| 000 | 01117nam a2200325 i 4500 | ||
|---|---|---|---|
| 001 | 8454 | ||
| 003 | KOSZ 005 | ||
| 005 | 20210311111613.0 | ||
| 008 | 080302s1965 pl a f 000 0 pol | ||
| 015 | _aPB 1965/5690 | ||
| 040 |
_aWA N _cKOSZ 005/KK _dKOSZ 005/KK _dKOSZ 005/HR |
||
| 046 | _k1965 | ||
| 080 | _a621.3 | ||
| 100 | 1 |
_aRozmus, Franciszek _d(1925-2007). _eAutor. |
|
| 245 | 1 | 0 |
_aMontaż instalacji energoelektrycznych / _cFranciszek Rozmus. |
| 260 |
_aWarszawa : _bWydawnictwa Naukowo-Techniczne, _c1965. |
||
| 300 |
_a521, [1] s., [2] k. tabl. : _bil. ; _c23 cm. |
||
| 380 | _aKsiążki. | ||
| 388 | _a1901-2000 | ||
| 490 | 1 | _aBiblioteka Montera Elektryka. | |
| 658 | _aInżynieria i technika | ||
| 650 | 4 | _aElektroenergetyka | |
| 650 | 4 | _aUrządzenia | |
| 650 | 4 | _aInstalacje elektryczne | |
| 650 | 4 | _aMontaż | |
| 710 | 2 |
_aWydawnictwa Naukowo-Techniczne _4pbl. |
|
| 830 | 0 | _aBME Biblioteka Montera Elektryka. | |
| 856 |
_uhttp://koha.tu.koszalin.pl/cgi-bin/koha/opac-detail.pl?biblionumber=8454 _yKatalog online BPK |
||
| 942 |
_2UKD _cKS |
||
| 999 |
_c8454 _d8454 |
||